[Event "Mallorca-ch School U16"]
[Site "Mallorca"]
[Date "2018.03.09"]
[Round "5"]
[White "Vives Morey, Pere Joan"]
[Black "Garcia Feore, Daniel James"]
[Result "0-1"]
[WhiteElo "1333"]
[BlackElo "1359"]
[PlyCount "60"]
[EventDate "2018.02.02"]
[EventType "swiss"]
[EventRounds "6"]
[EventCountry "ESP"]
[SourceTitle "EXT 2024"]
[Source "ChessBase"]
[SourceDate "2023.10.10"]
[SourceVersion "1"]
[SourceVersionDate "2023.10.10"]
[SourceQuality "1"]

1. d4 Nf6 2. g3 e6 3. Nf3 d5 4. Bg2 Be7 5. c4 dxc4 6. Nc3 0-0 7. 0-0 c5 8. Bf4 Nc6 9. e3 Nh5 10. Ne5 Nxf4 11. Nxc6 bxc6 12. gxf4 Bb7 13. Na4 cxd4 14. Qxd4 Qc8 15. Rfd1 Ba6 16. Qe4 Bb5 17. Nc3 Rb8 18. a4 Ba6 19. Rab1 c5 20. f5 Rb4 21. Bh3 Bb7 22. Qc2 Qc6 23. e4 Bf6 24. f3 Bd4+ 25. Kf1 Rd8 26. Nb5 Qb6 27. Qd2 Ba6 28. Nxd4 c3+ 29. Qe2 Bxe2+ 30. Kxe2 Rbxd4 0-1

[Event "Mallorca-ch School U16"]
[Site "Mallorca"]
[Date "2018.02.02"]
[Round "1"]
[White "Amengual Perello, Jordi"]
[Black "Vives Morey, Pere Joan"]
[Result "1-0"]
[WhiteElo "1849"]
[BlackElo "1333"]
[PlyCount "73"]
[EventDate "2018.02.02"]
[EventType "swiss"]
[EventRounds "6"]
[EventCountry "ESP"]
[SourceTitle "EXT 2024"]
[Source "ChessBase"]
[SourceDate "2023.10.10"]
[SourceVersion "1"]
[SourceVersionDate "2023.10.10"]
[SourceQuality "1"]

1. e4 c5 2. Nc3 Nc6 3. Bc4 d6 4. f4 e6 5. Nf3 g6 6. 0-0 Bg7 7. d3 Nge7 8. Qe1 0-0 9. f5 exf5 10. Qh4 h5 11. Bg5 Qd7 12. Bf6 fxe4 13. dxe4 Qg4 14. Bxe7 Qxh4 15. Bxh4 Be6 16. Bxe6 fxe6 17. Rad1 Bd4+ 18. Nxd4 Nxd4 19. Rxf8+ Rxf8 20. Be7 Rf7 21. Bxd6 b6 22. Be5 Rd7 23. Bxd4 cxd4 24. Ne2 e5 25. Rd3 Rc7 26. c3 dxc3 27. Nxc3 Re7 28. Rd6 Kf7 29. Nd5 Rb7 30. Rf6+ Kg7 31. Re6 Kf7 32. Rf6+ Kg7 33. Rc6 Rf7 34. Re6 Kh7 35. Rxe5 Kh6 36. Re7 Rxe7 37. Nxe7 1-0

[Event "Mallorca-ch U14"]
[Site "Mallorca"]
[Date "2016.03.04"]
[Round "4.2"]
[White "Font Perello, Joan"]
[Black "Vives Morey, Pere Joan"]
[Result "1/2-1/2"]
[WhiteElo "1272"]
[BlackElo "1418"]
[PlyCount "75"]
[EventDate "2016.02.05"]
[EventType "swiss"]
[EventRounds "6"]
[EventCountry "ESP"]
[SourceTitle "EXT 2024"]
[Source "ChessBase"]
[SourceDate "2023.10.10"]
[SourceVersion "1"]
[SourceVersionDate "2023.10.10"]
[SourceQuality "1"]

1. d4 d5 2. Nf3 g6 3. g3 Bg7 4. Bg2 Nf6 5. 0-0 0-0 6. c4 c6 7. Nc3 Re8 8. Bg5 dxc4 9. e3 e6 10. Ne4 h6 11. Nxf6+ Bxf6 12. Bxf6 Qxf6 13. Ne5 Nd7 14. Nxc4 e5 15. d5 Rd8 16. d6 Nc5 17. b4 Be6 18. Rc1 Nd7 19. f4 Qg7 20. e4 f5 21. exf5 gxf5 22. Qe2 e4 23. Qb2 Qxb2 24. Nxb2 Bxa2 25. Nc4 Bxc4 26. Rxc4 Nb6 27. Rd4 Nd5 28. Bh3 Rf8 29. g4 Ne3 30. Rf2 Rad8 31. gxf5 Nxf5 32. Bxf5 Rxf5 33. Rxe4 Rxd6 34. Re7 Rdf6 35. Rxb7 Rxf4 36. Rxf4 Rxf4 37. b5 cxb5 38. Rxb5 1/2-1/2